| 000 | 00595nam a2200181Ia 4500 | ||
|---|---|---|---|
| 008 | 090123s9999 xx 000 0 und d | ||
| 082 | _b2131 | ||
| 100 | _aचित्रे दिलिप पुरुषोत्तम | ||
| 245 | _aऑर्फियस | ||
| 250 | _a1 | ||
| 260 | _bभागवत वा.पु. | ||
| 300 | _a160 | ||
| 600 | _aचित्रे दिलिप पुरुषोत्तम | ||
| 630 | _aऑर्फियस | ||
| 700 | _aचित्रे दिलिप पुरुषोत्तम | ||
| 730 | _aऑर्फियस | ||
| 942 | _cBOOK | ||
| 999 |
_c40215 _d40215 |
||